Códice borbónico (Record no. 10748)
[ view plain ]
| 000 -CABECERA | |
|---|---|
| campo de control de longitud fija | 01345nam a2200301 a 4500 |
| 001 - NÚMERO DE CONTROL | |
| campo de control | BRL_1940 |
| 005 - FECHA Y HORA DE LA ÚLTIMA TRANSACCIÓN | |
| campo de control | 20190320211438.0 |
| 008 - DATOS DE LONGITUD FIJA--INFORMACIÓN GENERAL | |
| campo de control de longitud fija | 190815s1980----mx-h######---#000-0#spa-# |
| 020 ## - NÚMERO INTERNACIONAL ESTÁNDAR DEL LIBRO | |
| Número Internacional Estándar del Libro | 9682305691 |
| 041 ## - CÓDIGO DE LENGUA | |
| Código de lengua del texto/banda sonora o título independiente | spa |
| 044 ## - CÓDIGO DEL PAÍS DE LA ENTIDAD EDITORA/PRODUCTORA | |
| Código MARC del país | mx |
| 050 #4 - SIGNATURA TOPOGRÁFICA DE LA BIBLIOTECA DEL CONGRESO | |
| Número de clasificación | F1219.56 |
| Número de documento/Ítem | .C63 1980 |
| 130 0# - ENTRADA PRINCIPAL--TÍTULO UNIFORME | |
| Título uniforme | Códice borbónico |
| 9 (RLIN) | 28278 |
| 245 10 - MENCIÓN DE TÍTULO | |
| Título | Códice borbónico |
| Resto del título | manuscrito mexicano de la Biblioteca del palais bourbon : libro adivinatorio y ritual ilustrado publicado en facsimil |
| 260 ## - PUBLICACIÓN, DISTRIBUCIÓN, ETC. | |
| Lugar de publicación, distribución, etc. | [México |
| Nombre del editor, distribuidor, etc. | Siglo Veintiuno XXI |
| Fecha de publicación, distribución, etc. | 1980] |
| 300 ## - DESCRIPCIÓN FÍSICA | |
| Extensión | 1 portafoloio |
| Otras características físicas | il., 36 láminas a color |
| Dimensiones | 40 cm. |
| Material acompañante/anejo | + 1 libro |
| 440 #0 - MENCIÓN DE SERIE/PUNTO DE ACCESO ADICIONAL--TÍTULO | |
| Título | América nuestra. América antigua |
| Designación de volumen o secuencia | 21a-21b |
| 9 (RLIN) | 28279 |
| 500 ## - NOTA GENERAL | |
| Nota general | Au671 |
| 500 ## - NOTA GENERAL | |
| Nota general | Suplemento: ´Descripción, historia y exposición del Códice Borbónico (edición facsimilar) / por Francisco del Paso y Troncoso, con un comentario explicativo por E.-T. Hamy. xlviii, 429 p. ; 22 cm. |
| 630 04 - PUNTO DE ACCESO ADICIONAL DE MATERIA--TÍTULO UNIFORME | |
| Título uniforme | Códice borbónico |
| 9 (RLIN) | 28278 |
| 650 14 - PUNTO DE ACCESO ADICIONAL DE MATERIA--TÉRMINO DE MATERIA | |
| Término de materia o nombre geográfico como elemento de entrada | Manuscritos mexicanos |
| Subdivisión de forma | Facsímiles |
| 9 (RLIN) | 23649 |
| 650 14 - PUNTO DE ACCESO ADICIONAL DE MATERIA--TÉRMINO DE MATERIA | |
| Término de materia o nombre geográfico como elemento de entrada | Indígenas de México |
| Subdivisión general | Lenguas - Escritura |
| 9 (RLIN) | 28280 |
| 650 14 - PUNTO DE ACCESO ADICIONAL DE MATERIA--TÉRMINO DE MATERIA | |
| Término de materia o nombre geográfico como elemento de entrada | Aztecas |
| Subdivisión general | Ritos y ceremonias |
| 9 (RLIN) | 28281 |
| 700 1# - PUNTO DE ACCESO ADICIONAL--NOMBRE DE PERSONA | |
| Nombre de persona | Paso y Troncoso, Francisco del |
| Fechas asociadas al nombre | 1842-1916 |
| Título de la obra | Descripción, historia y exposición del Códice Borbónico |
| 9 (RLIN) | 28282 |
| 700 1# - PUNTO DE ACCESO ADICIONAL--NOMBRE DE PERSONA | |
| Nombre de persona | Hamy, E. T. |
| Fechas asociadas al nombre | 1842-1908 |
| Forma completa/desarrollada del nombre | (Ernest Theìodore) |
| 9 (RLIN) | 28283 |
| 902 ## - CATALOGADOR | |
| Iniciales | GRL |
| 942 ## - ELEMENTOS DE PUNTO DE ACCESO ADICIONAL (KOHA) | |
| Fuente del sistema de clasificación o colocación | Library of Congress Classification |
| Tipo de ítem Koha | Libros |
| Estado de retiro | Estado de pérdida | Estado dañado | No para préstamo | Localización permanente | Ubicación/localización actual | Fecha de adquisición | Número de inventario | Total de préstamos | Signatura topográfica completa | Código de barras | Fecha visto por última vez | Precio válido a partir de | Tipo de ítem Koha |
|---|---|---|---|---|---|---|---|---|---|---|---|---|---|
| El ejemplar forma parte de la colección y puede ser consultado según las políticas vigentes. | Biblioteca Centro de Estudios Ruth D. Lechuga | Biblioteca Centro de Estudios Ruth D. Lechuga | 19/08/2015 | Au671 | F1219.56 .C63 1980 (Au671) | GRL02150 | 22/03/2019 | 22/03/2019 | Libros |